Pedagogía teatral: metodología activa en el aula
Saved in:
| Main Author: | |
|---|---|
| Format: | Book |
| Language: | Spanish |
| Published: |
Santiago
Universidad Católica de Chile
2004
|
| Edition: | 1a. ed |
| Series: | Lecciones
|
| Subjects: | |
| Tags: |
Add Tag
No Tags, Be the first to tag this record!
|
MARC
| LEADER | 00000nam a2200000 a 4500 | ||
|---|---|---|---|
| 001 | UCK7337 | ||
| 003 | CL-VaPUC | ||
| 008 | 051118e20040000CL |||||||||||||||||spa|d | ||
| 020 | |a 9561407620 | ||
| 082 | 0 | 4 | |a 792.028 |b GAR |2 21 |
| 100 | 0 | |a García-Huidobro Valdés, María Verónica |e author |9 496845 | |
| 245 | 1 | 0 | |a Pedagogía teatral: metodología activa en el aula |
| 250 | |a 1a. ed | ||
| 300 | |a 186 p | ||
| 942 | |c BK | ||
| 945 | |d 20051118 00:00:00 |a cmena | ||
| 260 | |a Santiago |b Universidad Católica de Chile |c 2004 | ||
| 650 | 0 | |a Teatro |9 265385 | |
| 650 | 0 | |a Actuación teatral |9 312623 | |
| 650 | 0 | |a Métodos de enseñanza |9 270413 | |
| 583 | |a last modification |c 20051118 00:00:00 |k Rodrigo Vera | ||
| 490 | 0 | |a Lecciones | |
| 999 | |c 315322 |d 315320 | ||
| 952 | |0 0 |1 0 |4 0 |6 792_028000000000000_GAR_2004 |7 0 |8 A |9 388424 |a BIBEDU |b BIBEDU |d 2019-11-22 |i 4182898 |o 792.028 GAR 2004 |p 4182898 |r 2019-11-22 |w 2019-11-22 |y BK |k EBA | ||